| 000 | 01456cam a2200337 a 4500 | ||
|---|---|---|---|
| 999 |
_c3449 _d3449 |
||
| 001 | (Sirsi) a949190 | ||
| 003 | OSt | ||
| 005 | 20240120152241.0 | ||
| 008 | 140415t20142012nyua c 000 1 eng | ||
| 010 | _a2011010034 | ||
| 020 |
_a9780061992278 _q(pbk.) : |
||
| 040 |
_aBDX _beng _cBDX _dNOG _dOCLCO _dGBP _dIHY _dO2C _dNYP _dOCLCO _dILC _dKAA _dYDXCP _dOCLCF _dKSU _dUtOrBLW _dTAE _dKH8 |
||
| 042 | _anbic | ||
| 082 | 0 | _a813.54 APP | |
| 100 | 1 |
_aApplegate, Katherine. _eAuthor |
|
| 245 | 1 | 4 |
_aThe one and only Ivan / _cKatherine Applegate ; illustrations by Patricia Castelao. |
| 250 | _aFirst paperback edition. | ||
| 260 |
_aNew York, NY : _bHarper, An Imprint of HarperCollins. Publishers, _c2014. |
||
| 300 |
_a319 p., 6 unnumbered p. : _bill. ; _c20 cm. |
||
| 500 | _aIncludes extras : Author's note, The Newbery medal. acceptance speech, Ivan's signature, discussion questions. | ||
| 520 | _aWhen Ivan, a gorilla who has lived for years in a down-and -out circus-themed mall, meets Ruby, a baby elephant that has been added to the mall, he decides that he must find her a better life. | ||
| 521 | 1 | _aAges 8-12. | |
| 650 | 0 |
_aGorilla _vJuvenile fiction. |
|
| 650 | 0 |
_aElephants _vJuvenile fiction. |
|
| 650 | 0 |
_aFriendship _vJuvenile fiction. |
|
| 650 | 0 |
_aAnimal welfare _vJuvenile fiction. |
|
| 650 | 0 |
_aCircus _vJuvenile fiction. |
|
| 650 | 0 |
_aCircus animals _vJuvenile fiction. |
|
| 700 | 1 |
_aCastelao, Patricia. _eIllustrator |
|
| 942 |
_2ddc _cFIC |
||